000 00436nam a2200181Ia 4500
005 20250423100950.0
008 250422s9999 xx 000 0 und d
020 _a0201126966
050 _aTK 454 .N55/
100 _aNilsson, James W.
245 0 _aSolutions manual to accompany electric circuits
250 _a2nd ed.
260 _aCalifornia
260 _bAddison-Wesley
260 _c1986
300 _a456 p
942 _cBK
999 _c34883
_d34883